Národní hospodářství nástin hospodářské teorie a politiky

Salvato in:
Dettagli Bibliografici
Natura: Libro
Lingua:ceco
Pubblicazione: Brno Spolek poslucháču vysoké školy sociální v Brně 1947
Tags: Aggiungi Tag
Nessun Tag, puoi essere il primo ad aggiungerne!!

MARC

LEADER 00000nam a2200000 4500
001 0267866
005 20240822101710.8
041 0 |a cze 
044 |a CZ 
245 1 0 |a Národní hospodářství  |b nástin hospodářské teorie a politiky  |c L. Zwach 
264 1 |a Brno  |b Spolek poslucháču vysoké školy sociální v Brně  |c 1947